000 00468nam a22001817a 4500
003 CEME
005 20210628203545.0
008 210119b xxu||||| |||| 00| 0 eng d
020 _a9780071287623
040 _c.
082 _a658.152 BAL
100 _aBlank, Leland, Tarquin, Anthony
_966246
245 _aBasics of engineering economy
260 _aBOSTON
_bMCGRAW HILL
_c2008
300 _aVIII,420P
650 _aENGINEERING ECONOMY
_925070
942 _cBK
_2ddc
999 _c574234
_d574234